[Event "ITA-ch Lombardia Region Seniors"]
[Site "Castione della Presolana"]
[Date "2014.07.01"]
[Round "2"]
[White "Alessandro, Sergio"]
[Black "Savoldelli, Dario"]
[Result "1-0"]
[WhiteElo "1635"]
[BlackElo "1815"]
[PlyCount "79"]
[EventDate "2014.06.30"]
[EventType "swiss"]
[EventRounds "6"]
[EventCountry "ITA"]
[SourceTitle "EXT 2024"]
[Source "ChessBase"]
[SourceDate "2023.10.10"]
[SourceVersion "1"]
[SourceVersionDate "2023.10.10"]
[SourceQuality "1"]

1. b4 Nf6 2. Bb2 e6 3. b5 b6 4. e3 Bb7 5. Nf3 Be7 6. Be2 a6 7. a4 0-0 8. 0-0 d6 9. d4 Nbd7 10. c4 a5 11. Nbd2 c5 12. Qc2 Rc8 13. Rfc1 Qc7 14. Bd3 h6 15. h3 Rfe8 16. Ne4 Nxe4 17. Bxe4 Nf6 18. Bxb7 Qxb7 19. dxc5 bxc5 20. Bc3 Ra8 21. Qb2 e5 22. Rd1 Qb6 23. Nd2 Bd8 24. Nb3 Bc7 25. f3 Re6 26. Qd2 Qa7 27. e4 Bb6 28. Kh1 Qc7 29. g4 Kf8 30. Rg1 Ng8 31. Rg3 g6 32. Rf1 Ra7 33. g5 h5 34. h4 Re7 35. Na1 Re8 36. Nc2 Ne7 37. Ne3 Kg8 38. f4 Rf8 39. fxe5 dxe5 40. Qb2 1-0

[Event "Bergamo op"]
[Site "Bergamo"]
[Date "2007.10.05"]
[Round "1"]
[White "Savoldelli, Dario"]
[Black "Attuati, Stefano"]
[Result "1-0"]
[WhiteElo "1822"]
[BlackElo "1464"]
[PlyCount "61"]
[EventDate "2007.10.05"]
[EventType "swiss"]
[EventRounds "7"]
[EventCountry "ITA"]
[SourceTitle "EXT 2009"]
[Source "ChessBase"]
[SourceDate "2008.11.26"]
[SourceVersion "1"]
[SourceVersionDate "2008.11.26"]
[SourceQuality "1"]

1. e4 c5 2. Nc3 Nc6 3. f4 d6 4. Bc4 Nf6 5. Nf3 Bg4 6. 0-0 e6 7. Bb5 a6 8. Bxc6+ bxc6 9. d3 Be7 10. Qe1 Bxf3 11. Rxf3 0-0 12. e5 Nd7 13. Rh3 Qc7 14. exd6 Bxd6 15. Ne4 Be7 16. Be3 Rfe8 17. Qf2 Nf6 18. Qh4 h6 19. Qg3 Kf8 20. Nxc5 Nd5 21. Bd4 Bf6 22. Be5 Bxe5 23. fxe5 Qb6 24. Qf2 Qxb2 25. Rf1 Re7 26. d4 Qxa2 27. Rf3 f5 28. exf6 gxf6 29. Rxf6+ Kg8 30. Rxh6 a5 31. Qh4 1-0

[Event "Bergamo Province-ch"]
[Site "Bergamo"]
[Date "2002.10.11"]
[Round "2"]
[White "Mazzotti, Federico"]
[Black "Savoldelli, Dario"]
[Result "1/2-1/2"]
[WhiteElo "1752"]
[BlackElo "1800"]
[PlyCount "75"]
[EventDate "2002.10.04"]
[EventType "swiss"]
[EventRounds "8"]
[EventCountry "ITA"]
[SourceTitle "EXT 2024"]
[Source "ChessBase"]
[SourceDate "2023.10.10"]
[SourceVersion "1"]
[SourceVersionDate "2023.10.10"]
[SourceQuality "1"]

1. e4 c6 2. Nc3 d5 3. Nf3 Bg4 4. h3 Bxf3 5. Qxf3 e6 6. exd5 cxd5 7. Bb5+ Nc6 8. 0-0 Nf6 9. d4 a6 10. Ba4 b5 11. Nxb5 axb5 12. Bxb5 Qb6 13. a4 Be7 14. c4 0-0 15. c5 Qb7 16. Bxc6 Qxc6 17. b4 Rxa4 18. Rxa4 Qxa4 19. Qa3 Ra8 20. Qxa4 Rxa4 21. b5 Nd7 22. c6 Nb6 23. Bf4 g5 24. Bc7 Nc8 25. b6 Nxb6 26. Bxb6 Rc4 27. c7 Bd6 28. g3 Bxc7 29. Bxc7 Rxc7 30. Kg2 Rc2 31. Kf3 Kg7 32. h4 gxh4 33. gxh4 Rc3+ 34. Ke2 Rh3 35. Rg1+ Kf6 36. Rg4 h5 37. Rf4+ Kg6 38. Kf1 1/2-1/2